Normal view
MARC view
Entry Personal Name
001 - CONTROL NUMBER
- control field: 28943
003 - CONTROL NUMBER IDENTIFIER
- control field: dpl
005 - DATE AND TIME OF LATEST TRANSACTION
- control field: 20110628161946.0
008 - FIXED-LENGTH DATA ELEMENTS
- fixed length control field: 110628|||a|||||| | ||| d
040 ## - CATALOGING SOURCE
- Original cataloging agency: dpl
- Transcribing agency: dpl
100 ## - HEADING--PERSONAL NAME
- Personal name: Kennedy,Helen W
670 ## - SOURCE DATA FOUND
- Source citation: Work cat.: (dpl): 28896 Dovey,Jon, Game Culture :, 2010
670 ## - SOURCE DATA FOUND
- Source citation: Work cat.: (dpl): 28896 Dovey,Jon, Game Culture :, 2010
